| 000 | 00777cab a22002295a 4500 | ||
|---|---|---|---|
| 001 | L159010 | ||
| 008 | 150526e2015 xxk 000 0 eng d | ||
| 035 | _a(Sirsi) u159010 | ||
| 041 | 0 | _aeng | |
| 100 | 1 | _aSelby, Alan | |
| 245 | 0 | 0 | _aSpecial Report: BIM |
| 490 |
_aConstruction News _v(7426) 04 December 2015, 26-30 (5) |
||
| 520 | _a'Full to the BIM' - Shows how BIM tech saves cost and time on pivotal reservoir upgrade. 'Estimators need not fear the rise of BIM' by Will Mann explains how the estimator role will become more dynamic thanks to BIM. | ||
| 650 | 2 | 4 | _a5D BIM |
| 650 | 2 | 4 |
_aQuantity surveying _96263 |
| 650 | 2 | 4 | _aRESERVOIRS |
| 651 | 4 |
_aUnited Kingdom _y |
|
| 690 | _aCONSTRUCTION | ||
| 700 | 1 | _aSimpson, Gareth | |
| 700 | 1 | _aMann, Will | |
| 942 | _n0 | ||
| 999 |
_c84770 _d84770 |
||